| 000 | 00782cam a22002411 4500 | ||
|---|---|---|---|
| 001 | sa 65006576 | ||
| 003 | DLC | ||
| 005 | 20260227112143.0 | ||
| 008 | 900411s1964 ii 000 0 eng | ||
| 010 | _asa 65006576 | ||
| 035 | _a(OCoLC)21356709 | ||
| 040 |
_aDLC _cViU _dViU _dDLC |
||
| 042 | _apremarc | ||
| 050 | 0 | 0 |
_aKNS2832.A311961 _bM35 1964 |
| 110 | 1 | _aIndia. | |
| 240 | 0 | 0 | _aLaws, etc. |
| 245 | 1 | 4 |
_aThe Income tax act, 1961 : _bas amended upto date, to-gether with comparative tables of new and old acts; Finance acts, 1963 and 1964 / _cby K. K. Malik. |
| 250 | _a1964-1965 budget ed. | ||
| 260 |
_aLucknow : _bEastern Book Co., _c1964. |
||
| 300 |
_axxix, 228, [44], 216 p. ; _c25 cm. |
||
| 650 | 0 |
_aIncome tax _xLaw and legislation _zIndia. |
|
| 700 | 1 | _aMalik, K. K. | |
| 999 |
_c64725 _d64725 |
||